Girls names that are plants - Statistics

General Stats
  • This quiz has been taken 391 times
    355 since last reset
  • The average score is 6 of 18
Answer Stats
Hint Answer % Correct
12 Rose
95%
10 Lily
79%
1 Daisy
78%
17 Violet
50%
7 Ivy
48%
6 Iris
44%
4 Holly
30%
18 Willow
29%
13 Rosemary
24%
3 Heather
23%
16 Sage
19%
5 Hyacinth
15%
9 Laurel
14%
8 Juniper
12%
2 Ginger
7%
11 Myrtle
5%
15 Rowan
5%
14 Rue
1%
No matching quizzes found
Score Distribution
Percent of People with Each Score
Percentile by Number Answered
Your Score History
You have not taken this quiz since the last reset